Ceramistas y procesos creativos / (Record no. 195464)

MARC details
000 -LEADER
campo de control de longitud fija 02689nam a2200373 i 4500
001 - NÚMERO DE CONTROL
campo de control 195464
003 - IDENTIFICADOR DE NÚMERO DE CONTROL
campo de control ES-GrU
005 - FECHA Y HORA DE LA ÚLTIMA TRANSACCIÓN
campo de control 20250708192132.0
007 - CAMPO FIJO DE DESCRIPCIÓN FÍSICA--INFORMACIÓN GENERAL
campo de control de longitud fija ta
008 - DATOS DE LONGITUD FIJA--INFORMACIÓN GENERAL
campo de control de longitud fija 240315s2024 sp a 000 0 ita 0 spa
017 ## - NÚMERO DE COPYRIGHT O DE DEPÓSITO LEGAL
Número de copyright o de depósito legal B 16604-2023
Agencia que asigna Oficina Depósito Legal Barcelona
020 ## - NÚMERO INTERNACIONAL ESTÁNDAR DEL LIBRO
Número Internacional Estándar del Libro 9788419220707
040 ## - FUENTE DE CATALOGACIÓN
Centro catalogador/agencia de origen UGR
Lengua de catalogación spa
Centro/agencia transcriptor ES-MaACL
100 ## - ENTRADA PRINCIPAL--NOMBRE DE PERSONA
Nombre de persona Cal, Teresa de la
9 (RLIN) 237024
Término indicativo de función/relación Autor
245 1# - MENCIÓN DEL TÍTULO
Título Ceramistas y procesos creativos /
Mención de responsabilidad, etc. Teresa de la Cal, Miguel Angel P. Arteaga
260 ## - PUBLICACIÓN, DISTRIBUCIÓN, ETC.
Lugar de publicación, distribución, etc. Barcelona :
Nombre del editor, distribuidor, etc. Hoaki,
Fecha de publicación, distribución, etc. 2024.
300 ## - DESCRIPCIÓN FÍSICA
Extensión 279 páginas :
Otras características físicas ilustrado ;
Dimensiones 23 cm
336 ## - TIPO DE CONTENIDO
Fuente rdacontent
Término de tipo de contenido texto
337 ## - TIPO DE MEDIO
Fuente rdamedia
Nombre/término del tipo de medio sin mediación
338 ## - TIPO DE SOPORTE
Fuente rdacarrier
Nombre/término del tipo de soporte volumen
490 ## - MENCIÓN DE SERIE
Mención de serie Así nacen las ideas
520 ## - RESUMEN, ETC.
Sumario, etc. 27 experimentados e innovadores ceramistas revelan, con sus propias palabras, los procesos creativos que hay detrás de su obra, qué les motiva, las estrategias que utilizan para ser originales y creativos, qué distingue su trabajo del de otros ceramistas y cómo consiguen crear la diferencia. A través de sus declaraciones y de ejemplos de sus creaciones más personales -objetos capaces de afectarnos emocionalmente, sorprendernos y hacernos pensar-, estos destacados artistas no solo revelan detalles sobre sus fuentes de inspiración, las operaciones de modelado y cocción de las piezas, los tipos de esmaltes o de engobe que usan y otras cuestiones técnicas, sino que analizan su propia relación con la arcilla y la forma de comportarse y evolucionar de este material. El resultado es una mirada reveladora al mundo creativo único de cada artista. Comprometidos con la exploración, el riesgo y la versatilidad, estos artistas redescubren tradiciones milenarias, reinventan perspectivas, trascienden fronteras, cuentan historias y se rebelan contra las expectativas convencionales, creando en el proceso un espacio estimulante donde se encuentran el arte, la arcilla, el agua, el aire y el fuego y que sirve de fuente de inspiración.
650 #7 - PUNTO DE ACCESO ADICIONAL DE MATERIA--TÉRMINO DE MATERIA
Término de materia o nombre geográfico como elemento de entrada Cerámica
9 (RLIN) 135756
700 ## - ENTRADA AGREGADA--NOMBRE PERSONAL
Nombre de persona Arteaga, Miguel
9 (RLIN) 237025
Término indicativo de función/relación Autor
852 ## - LOCALIZACIÓN
Ubicación ES-MaACL
Ubicación en estantería Depósito J
Número de control de estantería N-9988
Anotaciones manuscritas Dedicatoria autógrafa de los autores
Donativo/Legado Donación: Teresa de la Cal; Miguel Ángel P. Arteaga
Encuadernación Encuadernación Cartoné
itemnumber 206136
903 ## - NOMBRE PERSONAL DE DONANTE
9 237024
a Cal, Teresa de la
e Donante
903 ## - NOMBRE PERSONAL DE DONANTE
9 237025
a Arteaga, Miguel
e Donante
942 ## - ELEMENTOS DE ENTRADA SECUNDARIOS (KOHA)
Tipo de ítem Koha Libro impreso
Suprimir en OPAC No
Holdings
Estatus retirado Estado de pérdida Fuente del sistema de clasificación o colocación Estado de daño No para préstamo Biblioteca de origen Biblioteca actual Ubicación en estantería Fecha de adquisición Fuente de adquisición Total de préstamos Signatura topográfica completa Código de barras Visto por última vez Precio de reemplazo Tipo de ítem Koha
    Clasificación decimal universal     Biblioteca del Ateneo de Madrid Biblioteca del Ateneo de Madrid Depósito J 07/07/2025 Donación   N-9988 2025-0529 07/07/2025 07/07/2025 Libro impreso